00581nam a22002057a 4500003000500000005001700005008004100022020001300063040001500076041001300091082002000104100001900124245005100143300003800194336002700232337003300259338002900292650002300321650003100344BPGM20260701203456.0260701b2004 mx o|||| |||| 00| 0 spa d aSIN ISBN aBPGM bspa aspahspa04a351.05 / bI43F aGARRIDO, PACO  aPRIMER INFORME DE GOBIERNObQUERETARO ES MEJOR a115 páginas c29 cm x 22.3 cm  2rdacontentatextobtxt 2rdamediaasin mediaciónbn 2rdacarrieravolumen bnc aCIENCIAS SOCIALES  aADMINISTRACIÓN PÚBLICA